<?xml version="1.0" encoding="UTF-8"?>
<record
    xmlns:xsi="http://www.w3.org/2001/XMLSchema-instance"
    xsi:schemaLocation="http://www.loc.gov/MARC21/slim http://www.loc.gov/standards/marcxml/schema/MARC21slim.xsd"
    xmlns="http://www.loc.gov/MARC21/slim">

  <leader>02502    a2200229   4500</leader>
  <controlfield tag="001">47924</controlfield>
  <controlfield tag="005">20260407155745.0</controlfield>
  <controlfield tag="008">260407a2013    arg                 spa d</controlfield>
  <controlfield tag="003">AR-UNSa-BCEJYS</controlfield>
  <datafield tag="040" ind1=" " ind2=" ">
    <subfield code="a">AR-UNSa-BCEJYS</subfield>
    <subfield code="b">spa</subfield>
    <subfield code="c">AR-UNSa-BCEJYS</subfield>
  </datafield>
  <datafield tag="080" ind1=" " ind2=" ">
    <subfield code="a">343.13</subfield>
    <subfield code="x">Procedimiento penal. Derecho procesal penal </subfield>
  </datafield>
  <datafield tag="245" ind1="1" ind2="0">
    <subfield code="a">Derecho Procesal Penal</subfield>
  </datafield>
  <datafield tag="020" ind1=" " ind2=" ">
    <subfield code="a">978-950-894-934-9</subfield>
  </datafield>
  <datafield tag="264" ind1=" " ind2="1">
    <subfield code="a">Buenos Aires :</subfield>
    <subfield code="b">AD-HOC</subfield>
    <subfield code="c">2013</subfield>
  </datafield>
  <datafield tag="300" ind1=" " ind2=" ">
    <subfield code="a">6 v.</subfield>
    <subfield code="c">23 cm.</subfield>
  </datafield>
  <datafield tag="505" ind1=" " ind2=" ">
    <subfield code="a">Vol. I: Primera Parte: Hermen&#xE9;utica del proceso penal: 1. Introducci&#xF3;n - 2. El derecho procesal penal como saber pr&#xE1;ctico - 3. El derecho procesal penal como ideolog&#xED;a del tr&#xE1;mite - 4. Eficiencia y garant&#xED;a: la antinomia fundamental como concepto base - 5. La reconstrucci&#xF3;n hermen&#xE9;utica del derecho procesal penal como disciplina - 6. El sistema normativo de la justicia penal - 7. La justicia penal como espacio pol&#xED;tico - 8. Contra la Inquisici&#xF3;n: historia y tradiciones en la configuraci&#xF3;n de la justicia penal - 9. La justicia penal como organizaci&#xF3;n y como burocracia - 10. La orientaci&#xF3;n del universo de pr&#xE1;cticas. 
Cultura y fuerza normativa - 11. Teor&#xED;as en el derecho procesal penal. La organizaci&#xF3;n de la explicaci&#xF3;n y de la ense&#xF1;anza -- Vol. II: Segunda Parte: Dimensi&#xF3;n pol&#xED;tico-criminal del proceso penal, eficacia del poder punitivo: 12. El control de la criminalidad en una sociedad democr&#xE1;tica - 13. El an&#xE1;lisis pol&#xED;tico-criminal. Visiones y problemas -  14. El monopolio de la violencia como pacificaci&#xF3;n - 15. Los principios de &#xFA;ltima ratio - 16. Las organizaciones penales como instrumentos de la pol&#xED;tica criminal - 17. Macro y micro pol&#xED;tica criminal: tensiones y problemas - Tercera Parte: Teor&#xED;a de la acci&#xF3;n penal y de la pretensi&#xF3;n punitiva: 18. Sentido pol&#xED;tico-criminal de la acci&#xF3;n penal. Teor&#xED;as de la acci&#xF3;n. Acci&#xF3;n penal y participaci&#xF3;n estatal - 19. El r&#xE9;gimen legal de la acci&#xF3;n - 20. Legalidad y oportunidad - 21. Los acusadores p&#xFA;blicos estatales. El Ministerio P&#xFA;blico. Organizaci&#xF3;n y funciones. Otros acusadores estatales - 22. Auxilio policial a la persecuci&#xF3;n penal - 23. Los acusadores privados y sociales. El querellante - 24. El caso penal y la concreci&#xF3;n de la pol&#xED;tica criminal. Teor&#xED;a de la pretensi&#xF3;n punitiva.</subfield>
  </datafield>
  <datafield tag="041" ind1=" " ind2=" ">
    <subfield code="a">spa</subfield>
  </datafield>
  <datafield tag="942" ind1=" " ind2=" ">
    <subfield code="c">BK</subfield>
  </datafield>
  <datafield tag="590" ind1=" " ind2=" ">
    <subfield code="a">niveau_biblio:m niveau_hierar:0</subfield>
  </datafield>
  <datafield tag="100" ind1="1" ind2=" ">
    <subfield code="a">Binder, Alberto M.</subfield>
  </datafield>
  <datafield tag="856" ind1="4" ind2="1">
    <subfield code="u">https://www.biblioeco.unsa.edu.ar/pmb/images/libros/L127699.jpg</subfield>
    <subfield code="y">Imagen de portada</subfield>
    <subfield code="q">image/jpeg</subfield>
  </datafield>
  <datafield tag="999" ind1=" " ind2=" ">
    <subfield code="c">4492</subfield>
    <subfield code="d">4492</subfield>
  </datafield>
  <datafield tag="952" ind1=" " ind2=" ">
    <subfield code="0">0</subfield>
    <subfield code="1">0</subfield>
    <subfield code="4">0</subfield>
    <subfield code="7">0</subfield>
    <subfield code="a">BCEJYS</subfield>
    <subfield code="b">BCEJYS</subfield>
    <subfield code="c">16</subfield>
    <subfield code="d">2026-04-07</subfield>
    <subfield code="l">0</subfield>
    <subfield code="o">P343.13 B612 v.1</subfield>
    <subfield code="p">L127699</subfield>
    <subfield code="r">2026-04-07 15:57:45</subfield>
    <subfield code="w">2026-04-07</subfield>
    <subfield code="y">L</subfield>
  </datafield>
  <datafield tag="952" ind1=" " ind2=" ">
    <subfield code="0">0</subfield>
    <subfield code="1">0</subfield>
    <subfield code="4">0</subfield>
    <subfield code="7">0</subfield>
    <subfield code="a">BCEJYS</subfield>
    <subfield code="b">BCEJYS</subfield>
    <subfield code="c">16</subfield>
    <subfield code="d">2026-04-07</subfield>
    <subfield code="l">0</subfield>
    <subfield code="o">P343.13 B612 v.2</subfield>
    <subfield code="p">L127700</subfield>
    <subfield code="r">2026-04-07 15:57:45</subfield>
    <subfield code="w">2026-04-07</subfield>
    <subfield code="y">L</subfield>
  </datafield>
  <datafield tag="952" ind1=" " ind2=" ">
    <subfield code="0">0</subfield>
    <subfield code="1">0</subfield>
    <subfield code="4">0</subfield>
    <subfield code="7">0</subfield>
    <subfield code="a">BCEJYS</subfield>
    <subfield code="b">BCEJYS</subfield>
    <subfield code="c">16</subfield>
    <subfield code="d">2026-04-07</subfield>
    <subfield code="l">0</subfield>
    <subfield code="o">P343.13 B612 v.3</subfield>
    <subfield code="p">L127829</subfield>
    <subfield code="r">2026-04-07 15:57:45</subfield>
    <subfield code="w">2026-04-07</subfield>
    <subfield code="y">L</subfield>
  </datafield>
  <datafield tag="952" ind1=" " ind2=" ">
    <subfield code="0">0</subfield>
    <subfield code="1">0</subfield>
    <subfield code="4">0</subfield>
    <subfield code="7">0</subfield>
    <subfield code="a">BCEJYS</subfield>
    <subfield code="b">BCEJYS</subfield>
    <subfield code="c">16</subfield>
    <subfield code="d">2026-04-07</subfield>
    <subfield code="l">0</subfield>
    <subfield code="o">P343.13 B612 v.4</subfield>
    <subfield code="p">L127830</subfield>
    <subfield code="r">2026-04-07 15:57:45</subfield>
    <subfield code="w">2026-04-07</subfield>
    <subfield code="y">L</subfield>
  </datafield>
  <datafield tag="952" ind1=" " ind2=" ">
    <subfield code="0">0</subfield>
    <subfield code="1">0</subfield>
    <subfield code="4">0</subfield>
    <subfield code="7">0</subfield>
    <subfield code="a">BCEJYS</subfield>
    <subfield code="b">BCEJYS</subfield>
    <subfield code="c">16</subfield>
    <subfield code="d">2026-04-07</subfield>
    <subfield code="l">0</subfield>
    <subfield code="o">P343.13 B612 v.5</subfield>
    <subfield code="p">L128925</subfield>
    <subfield code="r">2026-04-07 15:57:45</subfield>
    <subfield code="w">2026-04-07</subfield>
    <subfield code="y">L</subfield>
  </datafield>
  <datafield tag="952" ind1=" " ind2=" ">
    <subfield code="0">0</subfield>
    <subfield code="1">0</subfield>
    <subfield code="4">0</subfield>
    <subfield code="7">0</subfield>
    <subfield code="a">BCEJYS</subfield>
    <subfield code="b">BCEJYS</subfield>
    <subfield code="c">16</subfield>
    <subfield code="d">2026-04-07</subfield>
    <subfield code="l">0</subfield>
    <subfield code="o">P343.13 B612 v.6</subfield>
    <subfield code="p">L128926</subfield>
    <subfield code="r">2026-04-07 15:57:45</subfield>
    <subfield code="w">2026-04-07</subfield>
    <subfield code="y">L</subfield>
  </datafield>
</record>
